000 00751nam a2200229Ia 4500
003 GCL
008 140319s9999 xx 000 0 ara d
040 _aGCL /
_cGCL
082 0 4 _a822
_bل م
100 1 _aصلاح عزالدين (مترجم)
245 1 0 _aميراث الريح /
_cصلاح عزالدين (مترجم)
700 1 _aلورنس، جيروم
700 1 _aلى , روبرت
260 _a[S.N] :
_bمكتبة مصر
300 _a147 ص
490 _aمكتبة الفنون الدرامية
_v0
650 0 4 _aالمسرحيات الانجليزية
650 0 4 _aالمسرح الامريكى
650 0 4 _aالمسرحيات الامريكية
650 0 4 _aالادب الامريكى المترجم
942 _2ddc
_cBK
999 _c35837
_d35837